Analýza základných faktorov konkurencieschopnosti Slovenskej republiky
Gespeichert in:
| 1. Verfasser: | |
|---|---|
| Weitere Verfasser: | |
| Format: | Manuskript Buch |
| Sprache: | Slowakisch |
| Veröffentlicht: |
2015
|
| Schlagworte: | |
| Online-Zugang: | http://is.stuba.sk/zp/portal_zp.pl?podrobnosti=110316 |
| Tags: |
Keine Tags, Fügen Sie das erste Tag hinzu!
|
MARC
| LEADER | 00000ntm a22000003a 4500 | ||
|---|---|---|---|
| 001 | stuzp52592 | ||
| 003 | SK-STU | ||
| 005 | 20160719154224.0 | ||
| 007 | ta | ||
| 008 | 150427s2015----xo-----f-mn---000-0-slo-d | ||
| 040 | |a STU |b slo | ||
| 041 | 0 | |a slo | |
| 100 | 1 | |a Getta, Ivan |u 902024 |4 aut |U Ústav manažmentu STU |T ÚM - Oddelenie manažmentu chemických a potravinárskych technológií |X 59787 |U R2024 |Y 408 |7 59787 | |
| 242 | 0 | 1 | |a Analysis of basic factors of Slovak Republic's competitiveness |y eng |
| 245 | 1 | 0 | |a Analýza základných faktorov konkurencieschopnosti Slovenskej republiky |
| 260 | |c 2015 | ||
| 650 | 4 | |a konkurencieschopnosť |2 slo | |
| 650 | 4 | |a GCI |2 slo | |
| 650 | 4 | |a V4 |2 slo | |
| 650 | 4 | |a piliere konkurencieschopnosti |2 slo | |
| 650 | 4 | |a GCI |2 eng | |
| 650 | 4 | |a competitiveness |2 eng | |
| 650 | 4 | |a V4 |2 eng | |
| 650 | 4 | |a pillars of competitiveness |2 eng | |
| 700 | 1 | |a Bondareva, Irina |4 ths |X 52327 |7 52327 | |
| 856 | 4 | |u http://is.stuba.sk/zp/portal_zp.pl?podrobnosti=110316 | |
| SQL | |a stuzp52592 |b DBP |c SLO |d Analýza základných faktorov konkurencieschopnosti Slovenskej republiky |e 59787 |f Getta, Ivan |g 902024 |h 52327 |i Bondareva, Irina |j 20150714 |k 104 |l 04 |m http://is.stuba.sk/zp/portal_zp.pl?podrobnosti=110316 |n B-AIM |o 5.2.14. automatizácia, 5.2.52. priemyselné inžinierstvo | ||